Alle Städte und Gemeinden im Neckar-Odenwald-Kreis - Statistiken

Allgemein
  • Dieses Quiz wurde 15 mal gespielt
  • Das Durchschnittsergebnis liegt bei 16 aus 27
Antwortstatistiken
Antwort % Korrekt
Buchen (Odenwald)
100%
Mosbach
92%
Walldürn
83%
Hardheim
75%
Höpfingen
75%
Mudau
75%
Osterburken
75%
Adelsheim
67%
Schefflenz
67%
Seckach
67%
Aglasterhausen
58%
Binau
58%
Haßmersheim
58%
Limbach
58%
Waldbrunn
58%
Billigheim
50%
Elztal
50%
Neckargerach
50%
Neckarzimmern
50%
Obrigheim
50%
Zwingenberg
50%
Fahrenbach
42%
Hüffenhardt
42%
Neunkirchen
33%
Ravenstein
33%
Rosenberg
33%
Schwarzach
33%
Keine übereinstimmenden Quizze gefunden
Verteilung der Resultate
Anzahl Personen mit jedem Resultat
Perzentil nach korrekt beantworteten Fragen
Ihre Resultats-Entwicklung
Sie haben dieses Quiz noch nicht gespielt